000 nam a22 7a 4500
999 _c8722
_d8722
008 180119b ||||| |||| 00| 0 eng d
100 _aBhat.R.L.
_95075
245 _aAbc Social Science
260 _aNew Delhi
_bHoly Faith
_c2008